| 000 | 00725nam a22002057a 4500 | ||
|---|---|---|---|
| 999 |
_c1006 _d1006 |
||
| 003 | AR-CdUCM | ||
| 008 | 190226b ||||| |||| 00| 0 spa d | ||
| 040 |
_aMUNICIPALIDAD PROVINCIAL DEL CUSCO _cBIBLIOTECA MUNICIPAL DEL CUSCO |
||
| 082 |
_a869.57 / _bG95 |
||
| 100 |
_aGutarra Sinchitullo, Isabel Antonia _93913 |
||
| 245 | _aAyacuchanitas de letritas juguetonas y bailarinas / | ||
| 260 |
_aLima : _bTalleres Gráficos De la Cruz, _c1989. |
||
| 300 |
_a61 páginas ; _c14 cm. |
||
| 505 | _aContenido: Cuentos peruanos. Con datos biográficos de la autora. | ||
| 650 |
_aCuentos infantiles peruanos _93914 |
||
| 650 |
_aCuentos siglo XXI _93915 |
||
| 650 |
_aNiños autores _93916 |
||
| 942 |
_2ddc _cLIBROS |
||
| 945 | _azta | ||